Model inverzného kyvadla v prostredí Matlab
Salvato in:
| Autore principale: | |
|---|---|
| Altri autori: | |
| Natura: | Manoscritto Libro |
| Lingua: | slovacco |
| Pubblicazione: |
2025
|
| Soggetti: | |
| Accesso online: | http://is.stuba.sk/zp/portal_zp.pl?podrobnosti=186276 |
| Tags: |
Nessun Tag, puoi essere il primo ad aggiungerne!!
|
MARC
| LEADER | 00000ntm a22000003a 4500 | ||
|---|---|---|---|
| 001 | stuzp103829 | ||
| 003 | SK-STU | ||
| 005 | 20250628210917.9 | ||
| 007 | ta | ||
| 008 | 150427s2015----xo-----f-mn---000-0-slo-d | ||
| 040 | |a STU |b slo | ||
| 041 | 0 | |a slo | |
| 100 | 1 | |a Sládek, Michal |u 066000 |4 aut |U MTF Materiálovotechnologická fakulta |T MTF Ústav aplikovanej informatiky, automatizácie a mechatroniky |X 117512 |U M6000 |Y 86 |7 117512 | |
| 242 | 0 | 1 | |a Inverted pendulum model in Matlab |y eng |
| 245 | 1 | 0 | |a Model inverzného kyvadla v prostredí Matlab |
| 260 | |c 2025 | ||
| 650 | 4 | |a matematický model |2 slo | |
| 650 | 4 | |a inverzné kyvadlo |2 slo | |
| 650 | 4 | |a stabilizácia |2 slo | |
| 650 | 4 | |a Matlab |2 slo | |
| 650 | 4 | |a mathematical model |2 eng | |
| 650 | 4 | |a inverted pendulum |2 eng | |
| 650 | 4 | |a stabilization |2 eng | |
| 650 | 4 | |a Matlab |2 eng | |
| 700 | 1 | |a Ďuriš, Rastislav |u 066000 |k Z1 |4 ths |U MTF Materiálovotechnologická fakulta |T MTF Ústav aplikovanej informatiky, automatizácie a mechatroniky |X 4163 |U M6000 |Y 86 |7 A000004163 | |
| 856 | 4 | |u http://is.stuba.sk/zp/portal_zp.pl?podrobnosti=186276 | |
| 996 | |c M* BP-10016 |l MMSKP |s P |a 0 |w stuzp103829_0001 | ||